banner-ar

حول الدين والعلمانية / (Record no. 64555)

MARC details
000 -الفاتح
حقل البيانات ثابتة الطول 00958nam a22002537a 4500
005 - وقت وتاريخ اخر تعامل مع التسجيلة
رقم الضبط 20240530110737.0
008 - عناصر البيانات ثابتة الطول - معلومات عامة
حقل البيانات ثابتة الطول 180906s2006 ua g 000 0 ara d
017 ## - رقم الايداع القانونى
رقم الايداع القانونى 2006/2166
المصدر ( الهيئة المختصة) مصر. دار الكتب
020 ## - الرقم الدولى المعيارى للكتب
الرقم الدولى المعيارى للكتاب 9773512894
040 ## - مصدر الفهرسة
وكالة الفهرسة الأصلية EG-CaGPL
وكالة النسخ EG-CaGPL
082 04 - رقم تصنيف ديوى العشرى
رقم الطبعة 21
رقم التصنيف 201.6 /
رقم المادة ل ح
100 1# - المدخل الرئيسى - إسم شخصى
الإسم الشخصى لووى، ميكائيل
245 10 - بيان العنوان
العنوان حول الدين والعلمانية /
بيان المسئوليه,etc ميكائيل لووى، اوليفييه روا، موريس باربييه ؛ ترجمة بشير السباعى
250 ## - بيان الطبعة
بيان الطبعة ط.1
260 ## - PUBLICATION, DISTRIBUTION, ETC. (IMPRINT)
تاريخ النشر أو التوزيع 2006.
300 ## - الوصف المادى
التعداد 87 ص. ؛
أبعاد الوعاء 19 سم.
650 07 - المدخل الاضافى بالموضوع-مصطلح موضوعى
مصدر الرأس أو المصطلح qrmak
مصطلح موضوعي العلمانية
التقسيم الفرعي العام الدين
651 ## - المدخل الاضافى بالموضوع - اسم جغرافى
مصدر الرأس أو المصطلح qrmak
700 1# - المدخل الاضافى - اسم شخصى
الإسم الشخصى روا، اوليفييه
الدور مؤلف مشارك
700 1# - المدخل الاضافى - اسم شخصى
الإسم الشخصى باربييه، موريس
الدور مؤلف مشارك
700 0# - المدخل الاضافى - اسم شخصى
الإسم الشخصى بشير السباعى
الدور مترجم
942 ## - عناصر المدخل الإضافي( كوها)
مصدر التصنيف او مخطط الترفيف Dewey Decimal Classification
Koha [default] item type كتاب
260 ## - PUBLICATION, DISTRIBUTION, ETC. (IMPRINT)
-- القاهرة :
-- دار ميريت،
Holdings
حالة التراجع حالة الفقد حالة تلف ليس للاعارة المكان المؤقت الموقع الحالى موقع الترفيف تاريخ الاكتساب اجمالي اﻻعارات رقم الطلب الباركود تاريخ اخر مشاهدة تاريخ تفعيل السعر نوع وعاء كوها
        مكتبة القاهرة الكبرى مكتبة القاهرة الكبرى القاعة الرئيسية 09/06/2018   201.6 / ل ح 164992 09/06/2018 09/06/2018 كتاب

Powered By

EGPV